[Event "Holiday Invitational-IM 2019"]
[Site "Charlotte"]
[Date "2019.12.30"]
[Round "8.5"]
[White "Gauri, Shankar"]
[Black "Francisco, Richard"]
[Result "0-1"]
[WhiteElo "2341"]
[BlackElo "2281"]
[Annotator "NA"]
[PlyCount "122"]
[EventDate "2019.12.26"]
[EventType "tourn"]
[EventCountry "USA"]
[SourceTitle "playchess.com"]
[Source "ChessBase"]
[SourceQuality "1"]
[TimeControl "5400+30"]

1. Nf3 {[%emt 0:06:37]} c5 {[%emt 0:00:00]} 2. c4 {[%emt 0:06:29]} Nc6 {[%emt 0:00:04]} 3. Nc3 {[%emt 0:00:06]} g6 {[%emt 0:00:22]} 4. e3 {[%emt 0:00:48]} Nf6 {[%emt 0:00:14]} 5. d4 {[%emt 0:00:51]} cxd4 {[%emt 0:00:09]} 6. exd4 {[%emt 0:00:03]} d5 {[%emt 0:00:12]} 7. cxd5 {[%emt 0:00:34]} Nxd5 {[%emt 0:00:06]} 8. Bc4 {[%emt 0:01:04]} Nxc3 {[%emt 0:00:13]} 9. Qb3 {[%emt 0:00:49]} e6 {[%emt 0:02:24]} 10. bxc3 {[%emt 0:00:31]} Bg7 {[%emt 0:00:14]} 11. Ba3 {[%emt 0:04:12]} Bf8 {[%emt 0:00:10]} 12. Bc1 {[%emt 0:01:18]} Bg7 {[%emt 0:00:09]} 13. Ba3 {[%emt 0:09:42]} Bf8 {[%emt 0:02:40]} 14. Bxf8 {[%emt 0:02:42]} Kxf8 {[%emt 0:00:10]} 15. O-O {[%emt 0:00:18]} Kg7 {[%emt 0:01:11]} 16. Be2 {[%emt 0:01:11]} Qf6 {[%emt 0:09:14]} 17. Qb5 {[%emt 0:10:34]} Rd8 {[%emt 0:02:19]} 18. Rad1 {[%emt 0:05:17]} Rd5 {[%emt 0:04:29]} 19. Qb2 {[%emt 0:00:02]} b6 {[%emt 0:05:53]} 20. Nd2 {[%emt 0:01:31]} Bb7 {[%emt 0:05:44]} 21. Ne4 {[%emt 0:09:31]} Qd8 {[%emt 0:05:53]} 22. c4 {[%emt 0:11:00]} Rxd4 {[%emt 0:00:45]} 23. c5 {[%emt 0:00:16]} e5 {[%emt 0:02:58]} 24. Nd6 {[%emt 0:00:29]} Rb8 {[%emt 0:08:05]} 25. f4 {[%emt 0:09:01]} bxc5 {[%emt 0:09:44]} 26. fxe5 {[%emt 0:03:46]} Ba6 {[%emt 0:01:30]} 27. Qc2 {[%emt 0:11:40]} Nxe5 {[%emt 0:05:11]} 28. Nf5+ {[%emt 0:03:06]} gxf5 {[%emt 0:01:12]} 29. Qxc5 {[%emt 0:00:31]} Nc6 {[%emt 0:11:29]} 30. Rxd4 {[%emt 0:00:25]} Qxd4+ {[%emt 0:01:09]} 31. Qxd4+ {[%emt 0:00:02]} Nxd4 {[%emt 0:00:06]} 32. Bxa6 {[%emt 0:00:02]} Rb4 {[%emt 0:05:06]} 33. Bd3 {[%emt 0:00:32]} f4 {[%emt 0:01:34]} 34. Rf2 {[%emt 0:00:53]} Ra4 {[%emt 0:04:11]} 35. Kf1 {[%emt 0:00:58]} Ra3 {[%emt 0:00:38]} 36. Rd2 {[%emt 0:00:37]} Nc6 {[%emt 0:03:08]} 37. Kf2 {[%emt 0:00:30]} Ne5 {[%emt 0:00:20]} 38. Be2 {[%emt 0:00:07]} Kf6 {[%emt 0:01:15]} 39. h3 {[%emt 0:00:02]} Kf5 {[%emt 0:00:39]} 40. Rb2 {[%emt 0:01:21]} a5 {[%emt 0:01:28]} 41. Bb5 {[%emt 0:00:03]} Ke4 {[%emt 0:01:17]} 42. Re2+ {[%emt 0:00:52]} Kd4 {[%emt 0:00:20]} 43. Rd2+ {[%emt 0:00:08]} Kc3 {[%emt 0:00:39]} 44. Re2 {[%emt 0:00:25]} f6 {[%emt 0:00:22]} 45. Be8 {[%emt 0:01:03]} Kd4 {[%emt 0:00:55]} 46. Bb5 {[%emt 0:00:12]} h5 {[%emt 0:02:31]} 47. Rd2+ {[%emt 0:00:47]} Kc3 {[%emt 0:00:26]} 48. Ke2 {[%emt 0:00:23]} h4 {[%emt 0:00:56]} 49. Ba6 {[%emt 0:00:35]} Ra4 {[%emt 0:00:25]} 50. Bb7 {[%emt 0:00:28]} Rb4 {[%emt 0:00:13]} 51. Bd5 {[%emt 0:00:29]} Rd4 {[%emt 0:00:55]} 52. Rxd4 {[%emt 0:00:06]} Kxd4 {[%emt 0:00:03]} 53. Bb3 {[%emt 0:00:17]} Kc3 {[%emt 0:00:13]} 54. Bd1 {[%emt 0:01:13]} f5 {[%emt 0:01:21]} 55. a4 {[%emt 0:00:30]} f3+ {[%emt 0:01:10]} 56. gxf3 {[%emt 0:00:16]} f4 {[%emt 0:00:05]} 57. Kf1 {[%emt 0:00:44]} Kd2 {[%emt 0:00:31]} 58. Be2 {[%emt 0:00:30]} Ke3 {[%emt 0:00:16]} 59. Bd1 {[%emt 0:00:26]} Nxf3 {[%emt 0:00:10]} 60. Kg2 {[%emt 0:00:33]} Nd2 {[%emt 0:00:16]} 61. Kh2 {[%emt 0:00:31]} f3 {[%emt 0:00:23]} 0-1

[Event "Holiday Invitational-IM 2019"]
[Site "Charlotte"]
[Date "2019.12.31"]
[Round "9.1"]
[White "Cervantes Landeiro, Thalia"]
[Black "Kolay, Alex"]
[Result "1-0"]
[WhiteElo "2289"]
[BlackElo "2261"]
[Annotator "ChessBase"]
[PlyCount "69"]
[EventDate "2019.12.26"]
[EventType "tourn"]
[EventCountry "USA"]
[SourceTitle "playchess.com"]
[Source "ChessBase"]
[SourceQuality "1"]
[TimeControl "5400+30"]

1. d4 {[%emt 0:00:00]} d5 {[%emt 0:00:24]} 2. c4 {[%emt 0:00:00]} c6 {[%emt 0:00:06]} 3. Nf3 {[%emt 0:00:00]} Nf6 {[%emt 0:00:06]} 4. e3 {[%emt 0:00:00]} e6 {[%emt 0:00:05]} 5. b3 {[%emt 0:00:00]} Nbd7 {[%emt 0:00:07]} 6. Bb2 {[%emt 0:00:06]} Bd6 {[%emt 0:00:09]} 7. Nbd2 {[%emt 0:00:13]} O-O {[%emt 0:00:13]} 8. Bd3 {[%emt 0:00:07]} b6 {[%emt 0:00:11]} 9. O-O {[%emt 0:00:12]} Bb7 {[%emt 0:00:07]} 10. Qe2 {[%emt 0:00:10]} c5 {[%emt 0:02:19]} 11. cxd5 {[%emt 0:03:48]} exd5 {[%emt 0:00:15]} 12. Ba6 {[%emt 0:00:08]} Bxa6 {[%emt 0:06:29]} 13. Qxa6 {[%emt 0:00:09]} Qc8 {[%emt 0:00:03]} 14. Qe2 {[%emt 0:02:57]} Re8 {[%emt 0:00:14]} 15. a4 {[%emt 0:03:53]} Qb7 {[%emt 0:11:05]} 16. a5 {[%emt 0:02:56]} Ne4 {[%emt 0:02:15]} 17. Rfd1 {[%emt 0:06:03]} Qc6 {[%emt 0:10:42]} 18. Rac1 {[%emt 0:05:04]} Bc7 {[%emt 0:01:59]} 19. Nf1 {[%emt 0:03:44]} Nf8 {[%emt 0:28:12]} 20. dxc5 {[%emt 0:05:07]} bxc5 {[%emt 0:00:08]} 21. b4 {[%emt 0:00:27]} c4 {[%emt 0:01:28]} 22. Nd4 {[%emt 0:00:48]} Qd7 {[%emt 0:02:45]} 23. Qh5 {[%emt 0:03:59]} Be5 {[%emt 0:04:38]} 24. Ng3 {[%emt 0:07:44]} Nxg3 {[%emt 0:11:06]} 25. hxg3 {[%emt 0:00:16]} Rad8 {[%emt 0:00:18]} 26. Bc3 {[%emt 0:02:50]} a6 {[%emt 0:00:44]} 27. Ne2 {[%emt 0:01:12]} Qd6 {[%emt 0:05:20]} 28. Qf5 {[%emt 0:05:31]} Ng6 {[%emt 0:07:22]} 29. Rb1 {[%emt 0:05:15]} Qe6 {[%emt 0:00:43]} 30. Qc2 {[%emt 0:08:15]} Qc6 {[%emt 0:02:17]} 31. Bxe5 {[%emt 0:03:57]} Nxe5 {[%emt 0:00:29]} 32. Nf4 {[%emt 0:00:10]} Ng6 {[%emt 0:03:01]} 33. Rd4 {[%emt 0:06:58]} Nxf4 {[%emt 0:00:11]} 34. gxf4 {[%emt 0:00:06]} Re4 {[%emt 0:00:44]} 35. Qxe4 {[%emt 0:00:27]} 1-0

[Event "Holiday Invitational-IM 2019"]
[Site "Charlotte"]
[Date "2019.12.31"]
[Round "9.5"]
[White "Francisco, Richard"]
[Black "Myers, Dominique"]
[Result "1-0"]
[WhiteElo "2281"]
[BlackElo "2012"]
[Annotator "ChessBase"]
[PlyCount "85"]
[EventDate "2019.12.26"]
[EventType "tourn"]
[EventCountry "USA"]
[SourceTitle "playchess.com"]
[Source "ChessBase"]
[SourceQuality "1"]
[TimeControl "5400+30"]

1. c4 {[%emt 0:04:22]} Nf6 {[%emt 0:12:32]} 2. g3 {[%emt 0:00:51]} g6 {[%emt 0:00:08]} 3. Bg2 {[%emt 0:00:14]} d5 {[%emt 0:00:06]} 4. cxd5 {[%emt 0:00:30]} Nxd5 {[%emt 0:00:06]} 5. Nc3 {[%emt 0:00:18]} Nb6 {[%emt 0:00:07]} 6. Nf3 {[%emt 0:01:56]} Bg7 {[%emt 0:00:11]} 7. O-O {[%emt 0:00:40]} Nc6 {[%emt 0:00:36]} 8. b3 {[%emt 0:01:27]} O-O {[%emt 0:00:19]} 9. Bb2 {[%emt 0:00:15]} e5 {[%emt 0:00:28]} 10. Rc1 {[%emt 0:01:36]} Qe7 {[%emt 0:04:29]} 11. Nb5 {[%emt 0:14:48]} e4 {[%emt 0:03:02]} 12. Bxg7 {[%emt 0:02:08]} Kxg7 {[%emt 0:00:08]} 13. Ne1 {[%emt 0:01:04]} Rd8 {[%emt 0:00:49]} 14. Qc2 {[%emt 0:02:03]} Bf5 {[%emt 0:02:58]} 15. Qb2+ {[%emt 0:04:27]} Kg8 {[%emt 0:00:11]} 16. f3 {[%emt 0:07:15]} e3 {[%emt 0:03:12]} 17. d3 {[%emt 0:00:31]} a6 {[%emt 0:00:36]} 18. Nc3 {[%emt 0:02:06]} Nd4 {[%emt 0:04:16]} 19. f4 {[%emt 0:01:47]} Rd7 {[%emt 0:05:27]} 20. Bxb7 {[%emt 0:02:39]} Rb8 {[%emt 0:01:06]} 21. Bg2 {[%emt 0:00:58]} Qb4 {[%emt 0:02:11]} 22. Nf3 {[%emt 0:02:08]} Nxf3+ {[%emt 0:11:02]} 23. Bxf3 {[%emt 0:00:59]} Re8 {[%emt 0:06:38]} 24. Rfd1 {[%emt 0:06:39]} Red8 {[%emt 0:06:38]} 25. Rc2 {[%emt 0:05:34]} Rd4 {[%emt 0:02:50]} 26. Qc1 {[%emt 0:02:34]} Qe7 {[%emt 0:08:47]} 27. Re1 {[%emt 0:01:45]} h5 {[%emt 0:03:15]} 28. Nd1 {[%emt 0:00:31]} Re8 {[%emt 0:01:40]} 29. Rxc7 {[%emt 0:00:49]} Nd7 {[%emt 0:02:02]} 30. Rc8 {[%emt 0:01:08]} Nf6 {[%emt 0:00:53]} 31. Rxe8+ {[%emt 0:00:15]} Qxe8 {[%emt 0:00:05]} 32. Qxe3 {[%emt 0:00:14]} Qd8 {[%emt 0:00:38]} 33. Nf2 {[%emt 0:00:48]} Rd6 {[%emt 0:00:32]} 34. Rc1 {[%emt 0:00:45]} h4 {[%emt 0:01:44]} 35. g4 {[%emt 0:01:18]} Be6 {[%emt 0:00:26]} 36. g5 {[%emt 0:01:06]} Nd5 {[%emt 0:00:52]} 37. Qe5 {[%emt 0:00:31]} Qb6 {[%emt 0:01:55]} 38. d4 {[%emt 0:02:07]} Ne7 {[%emt 0:04:47]} 39. e3 {[%emt 0:00:43]} Nf5 {[%emt 0:00:26]} 40. Ne4 {[%emt 0:00:20]} Rxd4 {[%emt 0:03:01]} 41. exd4 {[%emt 0:01:11]} Nxd4 {[%emt 0:00:10]} 42. Nf6+ {[%emt 0:00:35]} Kf8 {[%emt 0:00:31]} 43. Rc8+ {[%emt 0:00:11]} 1-0